000 00603nam a2200241Ia 4500
003 OSt
005 20220912145057.0
006 a|||||r|||| 00| 0
007 ta
008 220909b |||||||| |||| 00| 0 eng d
024 _a75912
037 _cTextual
040 _aCSL
_beng
_cCSL
041 _aeng
082 _aCxK42:g, M0
100 _aHall A Rupert
245 0 _aPhilosophers at war
260 _aCambridge
_bUniversity Press
_c1980
300 _axii, 338p.
_ccm.
650 _aPhysics
942 _hCxK42:g, M0
_cTEXL
_2CC
999 _c22591
_d22591